Fisiología

Gorde:
Xehetasun bibliografikoak
Egile Nagusiak: Selkurt, Ewald E (Egilea), Ochs, Sidney (Egilea), Bullard, Robert W (Egilea), Armstrong, William McD (Egilea), Friedman, Julius J (Egilea), Greenspan, Kalman (Egilea), Johnson, Paul C (Egilea), Knoebel, Leon K (Egilea), Moore, Ward W (Egilea), Rothe, Carl F (Egilea)
Formatua: Liburua
Hizkuntza:gaztelania
Argitaratua: Buenos Aires El Ateneo 1969
Gaiak:
Etiketak: Etiketa erantsi
Etiketarik gabe, Izan zaitez lehena erregistro honi etiketa jartzen!

MARC

LEADER 00000nam a2200000 a 4500
001 UCY9060
003 CL-VaPUC
008 950707e19690000AG |||||||||||||||||spa|d
082 0 4 |a 612  |b SEL  |2 21 
100 0 |a Selkurt, Ewald E  |e author  |9 341059 
700 0 |a Ochs, Sidney  |e author  |9 341060 
700 0 |a Bullard, Robert W  |e author  |9 341061 
700 0 |a Armstrong, William McD  |e author  |9 341062 
700 0 |a Friedman, Julius J  |e author  |9 341063 
700 0 |a Greenspan, Kalman  |e author  |9 341064 
700 0 |a Johnson, Paul C  |e author  |9 341065 
700 0 |a Knoebel, Leon K  |e author  |9 341066 
700 0 |a Moore, Ward W  |e author  |9 341067 
700 0 |a Rothe, Carl F  |e author  |9 341068 
245 1 0 |a Fisiología 
300 |a 790 p 
942 |c BK 
945 |d 19950707 00:00:00  |a lriquelm 
260 |a Buenos Aires  |b El Ateneo  |c 1969 
650 7 |a FISIOLOGIA  |2 CL-VaPUC  |9 341069 
650 0 |a Fisiología humana   |9 269557 
650 0 |a Metabolismo  |9 259893 
650 7 |a TEMPERATURA DEL CUERPO  |2 CL-VaPUC  |9 341070 
583 |a last modification  |c 19950707 00:00:00  |k Rodrigo Vera 
999 |c 236232  |d 236230 
952 |0 0  |1 0  |4 0  |6 612_000000000000000_SEL_1969  |7 0  |8 P  |9 244224  |a BIBEDU  |b BIBEDU  |c BIBEDU_PB  |d 2019-11-18  |i 1532111  |o 612 SEL 1969  |p 1532111  |r 2024-01-25  |w 2019-11-18  |y BK  |k EDU